[Event "Guipuzcoa ch 2010"]
[Site "Azkoitia ESP"]
[Date "2010.10.23"]
[Round "2.13"]
[White "Olabe Odriozola, Eduardo"]
[Black "Zubia Aramburu, Mikel"]
[Result "1/2-1/2"]
[WhiteElo "1928"]
[BlackElo "1834"]
[PlyCount "136"]
[EventDate "2010.10.16"]
[EventType "swiss"]
[EventRounds "9"]
[EventCountry "ESP"]
[Source "lmi"]
[SourceDate "2010.10.16"]

1. e4 c6 2. d4 d5 3. e5 Bf5 4. g4 Be4 5. f3 Bg6 6. h4 h5 7. e6 hxg4 8. exf7+
Bxf7 9. fxg4 Qd6 10. Qf3 e5 11. dxe5 Qxe5+ 12. Ne2 Nf6 13. c3 Qe4 14. Qxe4+
Nxe4 15. Bg2 Nc5 16. Nf4 Nbd7 17. g5 Bd6 18. Rh3 O-O-O 19. Kf1 Rdf8 20. Kg1 Ne6
21. Nxe6 Bxe6 22. Rf3 Rxh4 23. Rxf8+ Bxf8 24. Be3 Bc5 25. Bxc5 Nxc5 26. Nd2 Ne4
27. Nf3 Rg4 28. Re1 Bf5 29. Nd4 g6 30. Re3 Rxg5 31. Kf1 Rg3 32. Rxg3 Nxg3+ 33.
Kf2 Ne4+ 34. Ke3 Kd7 35. c4 a6 36. Nxf5 gxf5 37. Bh3 Ke6 38. Kf4 Nc5 39. Bxf5+
Kd6 40. cxd5 cxd5 41. Ke3 Ke5 42. Bc8 a5 43. Kd2 b5 44. Bg4 b4 45. Be2 Kd4 46.
Bb5 Ne4+ 47. Kc2 Kc5 48. Bd3 a4 49. Ba6 Nd6 50. Bd3 Nc4 51. Bg6 Kd4 52. Be8
Ne3+ 53. Kd2 a3 54. bxa3 bxa3 55. Bg6 Nc4+ 56. Kc2 Na5 57. Bf7 Kc5 58. Kc3 d4+
59. Kc2 Kd6 60. Kd3 Ke5 61. Bg6 Kd5 62. Bf7+ Kc5 63. Be6 Kd6 64. Kxd4 Kxe6 65.
Kc5 Nb3+ 66. Kb4 Nc1 67. Kxa3 Kd5 68. Kb4 Nxa2+ 1/2-1/2

[Event "Guipuzcoa ch 2010"]
[Site "Azkoitia ESP"]
[Date "2010.10.23"]
[Round "2.14"]
[White "Kuende Gorostidi, Jon"]
[Black "Nogues Fernandez, Ramon"]
[Result "0-1"]
[WhiteElo "1802"]
[BlackElo "1908"]
[PlyCount "63"]
[EventDate "2010.10.16"]
[EventType "swiss"]
[EventRounds "9"]
[EventCountry "ESP"]
[Source "lmi"]
[SourceDate "2010.10.16"]

1. e4 c5 2. Nf3 Nc6 3. d4 cxd4 4. Nxd4 Nf6 5. Nc3 e5 6. Ndb5 d6 7. Bg5 a6 8.
Bxf6 gxf6 9. Na3 b5 10. Nd5 f5 11. Bd3 Be6 12. Ne3 fxe4 13. Bxe4 Rc8 14. c3 Qd7
15. Qh5 Ne7 16. Rd1 Bg7 17. O-O h6 18. Rd3 O-O 19. Rfd1 b4 20. Rxd6 Qa4 21. Bc2
Qa5 22. cxb4 Qxb4 23. Rxe6 fxe6 24. Ng4 Qf4 25. g3 Qg5 26. Qh3 Nf5 27. Bb3 Nd4
28. Rxd4 exd4 29. Bxe6+ Kh8 30. Bxc8 Rxc8 31. Nxh6 Rc1+ 32. Kg2 0-1

[Event "Guipuzcoa ch 2010"]
[Site "Azkoitia ESP"]
[Date "2010.10.23"]
[Round "2.15"]
[White "Fernandez Zubitur, Jokin"]
[Black "Goni Garmendia, Aitor"]
[Result "1-0"]
[WhiteElo "1907"]
[BlackElo "1806"]
[PlyCount "65"]
[EventDate "2010.10.16"]
[EventType "swiss"]
[EventRounds "9"]
[EventCountry "ESP"]
[Source "lmi"]
[SourceDate "2010.10.16"]

1. e4 c5 2. Nc3 g6 3. g3 Bg7 4. Bg2 d6 5. d3 e6 6. f4 Nf6 7. Nf3 Nc6 8. O-O O-O
9. h3 a6 10. a4 Qd7 11. Be3 Ne8 12. d4 cxd4 13. Nxd4 e5 14. Nde2 Nf6 15. Qd2
Qc7 16. f5 b6 17. g4 Na5 18. b3 Rd8 19. g5 Nd7 20. Nd5 Qa7 21. Nxb6 Nxb6 22.
Qxa5 Rb8 23. Nc3 Bxf5 24. exf5 gxf5 25. Nd5 f4 26. Bxb6 Rxb6 27. Qxb6 Qd7 28.
Qc7 Qe8 29. Be4 Rd7 30. Qc3 Qe6 31. Qc8+ Bf8 32. Nf6+ Kg7 33. Qxd7 1-0

[Event "Guipuzcoa ch 2010"]
[Site "Azkoitia ESP"]
[Date "2010.10.30"]
[Round "3.1"]
[White "Garro Beraza, Haritz"]
[Black "Alvarado Fernandez, Mikel"]
[Result "0-1"]
[WhiteElo "2153"]
[BlackElo "2010"]
[PlyCount "78"]
[EventDate "2010.10.16"]
[EventType "swiss"]
[EventRounds "9"]
[EventCountry "ESP"]
[Source "lmi"]
[SourceDate "2010.10.16"]

1. d4 Nf6 2. c4 g6 3. Nc3 Bg7 4. e4 d6 5. f3 O-O 6. Be3 c5 7. d5 e6 8. Qd2 exd5
9. cxd5 Nbd7 10. O-O-O Re8 11. g4 Ne5 12. Bg5 Qa5 13. h4 c4 14. h5 b5 15. hxg6
hxg6 16. Qf4 Nfd7 17. Qh2 b4 18. Qh7+ Kf8 19. Bh6 Bxh6+ 20. Qxh6+ Ke7 21. Qg5+
f6 22. Rh7+ Kd8 23. Qe3 bxc3 24. Nh3 cxb2+ 25. Kb1 Qc5 26. Qc3 Nb6 27. Nf4 Na4
28. Qc2 Qb4 29. Ne2 Nxf3 30. Rh3 Bxg4 31. Rg3 Rxe4 32. Qxe4 Bf5 33. Qxf5 gxf5
34. Rxf3 c3 35. Rf4 Qc5 36. Nd4 c2+ 37. Nxc2 Nc3+ 38. Kxb2 Rb8+ 39. Ka1 Nxd1
0-1

[Event "Guipuzcoa ch 2010"]
[Site "Azkoitia ESP"]
[Date "2010.10.30"]
[Round "3.3"]
[White "Martin Alvarez, Inigo"]
[Black "Puga Senar, Fernando"]
[Result "1-0"]
[WhiteElo "2292"]
[BlackElo "1732"]
[PlyCount "71"]
[EventDate "2010.10.16"]
[EventType "swiss"]
[EventRounds "9"]
[EventCountry "ESP"]
[Source "lmi"]
[SourceDate "2010.10.16"]

1. g3 Nf6 2. Bg2 g6 3. e4 d6 4. d4 Bg7 5. Nc3 O-O 6. Nge2 Bd7 7. h3 Qc8 8. Be3
Re8 9. e5 dxe5 10. dxe5 Rd8 11. exf6 Bc6 12. Nd5 Bxd5 13. Bxd5 Bxf6 14. c3 c6
15. Bxf7+ Kxf7 16. Qb3+ Kg7 17. Nf4 Kh8 18. h4 e5 19. Ne6 Re8 20. Ng5 Bxg5 21.
hxg5 Qd7 22. Rd1 Qe7 23. Bc5 Qg7 24. Be3 b6 25. Kf1 Nd7 26. Rd6 c5 27. Kg2 Rac8
28. Qd5 Nf8 29. a4 Rc7 30. a5 Rb7 31. axb6 axb6 32. b4 cxb4 33. cxb4 b5 34. Bc5
Rd7 35. Qc6 Rxd6 36. Qxe8 1-0

[Event "Guipuzcoa ch 2010"]
[Site "Azkoitia ESP"]
[Date "2010.10.30"]
[Round "3.4"]
[White "Irure Crespo, Egoitz"]
[Black "Guijarro Galan, Jose Luis"]
[Result "1/2-1/2"]
[WhiteElo "1977"]
[BlackElo "2222"]
[PlyCount "77"]
[EventDate "2010.10.16"]
[EventType "swiss"]
[EventRounds "9"]
[EventCountry "ESP"]
[Source "lmi"]
[SourceDate "2010.10.16"]

1. d4 d5 2. Nf3 e6 3. Bf4 Bd6 4. Bxd6 Qxd6 5. c3 Bd7 6. e3 Nc6 7. Nbd2 f5 8.
Bb5 Nf6 9. Bxc6 Bxc6 10. Ne5 Bb5 11. a4 Bd7 12. O-O O-O 13. Qb3 c5 14. Ndf3 c4
15. Qc2 Be8 16. a5 Bh5 17. Nd2 b5 18. b4 a6 19. f3 Nd7 20. Nxd7 Qxd7 21. Rae1
Kh8 22. g3 Rae8 23. f4 g5 24. Nf3 Bxf3 25. Rxf3 g4 26. Rf2 Rf6 27. Kf1 Rh6 28.
Ke2 Rh3 29. Kd1 Kg7 30. Kc1 Kf6 31. Kb2 h5 32. Rg2 Rh8 33. Qd2 Rh6 34. Ree2 Qh7
35. Re1 h4 36. Ree2 hxg3 37. hxg3 Rh1 38. Ref2 Qg6 39. Qe2 1/2-1/2

[Event "Guipuzcoa ch 2010"]
[Site "Azkoitia ESP"]
[Date "2010.10.30"]
[Round "3.5"]
[White "Etxagibel Larranaga, Asier"]
[Black "Rodriguez Cabrera, Fco Javier"]
[Result "1-0"]
[WhiteElo "1964"]
[BlackElo "1973"]
[PlyCount "91"]
[EventDate "2010.10.16"]
[EventType "swiss"]
[EventRounds "9"]
[EventCountry "ESP"]
[Source "lmi"]
[SourceDate "2010.10.16"]

1. d4 Nf6 2. c4 g6 3. Nc3 Bg7 4. e4 d6 5. Nf3 O-O 6. h3 e5 7. d5 Na6 8. Bg5 h6
9. Be3 Nc5 10. Bd3 a5 11. Qd2 Nh5 12. Bc2 Kh7 13. g4 Nf4 14. Bxf4 exf4 15. Qxf4
f5 16. exf5 gxf5 17. O-O-O Bxc3 18. bxc3 Qf6 19. Nd4 Ne4 20. Bxe4 fxe4 21.
Qxe4+ Qg6 22. Qxg6+ Kxg6 23. f3 Bd7 24. Rde1 c5 25. dxc6 Bxc6 26. Re6+ Kg5 27.
h4+ Kf4 28. Rxh6 Bxf3 29. Nxf3 Kxf3 30. g5 Kg2 31. Rd1 Rae8 32. Rhxd6 Rf4 33.
R6d4 Kg3 34. R1d3+ Kg4 35. Rxf4+ Kxf4 36. Rd4+ Kf5 37. Kb2 b6 38. Rd6 Re2+ 39.
Kb3 Re1 40. Rf6+ Kg4 41. Rh6 Rb1+ 42. Kc2 Ra1 43. Kb2 Rg1 44. g6 Kf5 45. h5 Kf6
46. Rh7 1-0

[Event "Guipuzcoa ch 2010"]
[Site "Azkoitia ESP"]
[Date "2010.10.30"]
[Round "3.6"]
[White "Tung, Siu Hung"]
[Black "Franco Alonso, Alejandro"]
[Result "0-1"]
[WhiteElo "1875"]
[BlackElo "2490"]
[PlyCount "90"]
[EventDate "2010.10.16"]
[EventType "swiss"]
[EventRounds "9"]
[EventCountry "ESP"]
[Source "lmi"]
[SourceDate "2010.10.16"]

1. e4 c5 2. c3 Nf6 3. e5 Nd5 4. d4 cxd4 5. Qxd4 e6 6. Nf3 Nc6 7. Qe4 f5 8. Qc2
Qc7 9. c4 Nxe5 10. Nd4 Nb4 11. Qb3 a6 12. Be2 Bc5 13. Bd2 Nbc6 14. Nxc6 Nxc6
15. Bh5+ g6 16. Be2 Nd4 17. Qd1 Nxe2 18. Qxe2 O-O 19. Bc3 b5 20. b4 Be7 21.
cxb5 axb5 22. O-O Bb7 23. Rc1 Qc6 24. Qf1 Rfc8 25. Nd2 Qd5 26. Nb3 Qc4 27. Qe1
Qg4 28. Qf1 Bxb4 29. h3 Qc4 30. Qxc4 Rxc4 31. Bxb4 Rxb4 32. Nc5 Bc8 33. Rd1 Ra7
34. Rd6 Rc4 35. Nd3 Kf8 36. Rb6 Rb7 37. Rxb7 Bxb7 38. Ne5 Rc7 39. a4 d6 40. Nd3
bxa4 41. Rxa4 Ke7 42. Rb4 g5 43. Nb2 Bd5 44. Na4 Rc1+ 45. Kh2 Rc4 0-1

[Event "Guipuzcoa ch 2010"]
[Site "Azkoitia ESP"]
[Date "2010.10.30"]
[Round "3.7"]
[White "Argandoña Riveiro, Iñigo"]
[Black "Fernandez Zubitur, Jokin"]
[Result "1-0"]
[WhiteElo "2408"]
[BlackElo "1907"]
[PlyCount "71"]
[EventDate "2010.10.16"]
[EventType "swiss"]
[EventRounds "9"]
[EventCountry "ESP"]
[Source "lmi"]
[SourceDate "2010.10.16"]

1. Nf3 Nf6 2. c4 e6 3. g3 b6 4. Bg2 Bb7 5. O-O Be7 6. Nc3 Ne4 7. Nxe4 Bxe4 8.
d3 Bb7 9. e4 O-O 10. Qc2 d6 11. d4 Nd7 12. Rd1 c5 13. b3 Qc7 14. Bb2 Bf6 15.
Rd2 Rad8 16. Rad1 Rfe8 17. h4 h6 18. g4 g6 19. dxc5 Bxb2 20. cxd6 Qc6 21. Qxb2
Qxe4 22. Ne1 Qxg4 23. Rd4 Qf5 24. Bxb7 e5 25. R4d2 e4 26. f3 exf3 27. Nxf3 Nc5
28. Bd5 Ne4 29. Rg2 Rxd6 30. Rf1 Qf4 31. Qc1 Qxc1 32. Rxc1 Nf6 33. Rxg6+ Kh7
34. Rg2 Nxd5 35. cxd5 Rxd5 36. Rf1 1-0

[Event "Guipuzcoa ch 2010"]
[Site "Azkoitia ESP"]
[Date "2010.10.30"]
[Round "3.8"]
[White "Sanchez Ruesga, Hector"]
[Black "Segovia Sanchez, Antonio"]
[Result "0-1"]
[WhiteElo "1874"]
[BlackElo "1983"]
[PlyCount "94"]
[EventDate "2010.10.16"]
[EventType "swiss"]
[EventRounds "9"]
[EventCountry "ESP"]
[Source "lmi"]
[SourceDate "2010.10.16"]

1. d4 Nf6 2. c4 e5 3. dxe5 Ng4 4. Bf4 Nc6 5. Nf3 Bb4+ 6. Nbd2 Qe7 7. a3 Bxd2+
8. Bxd2 Ngxe5 9. Nxe5 Nxe5 10. e3 d6 11. Be2 O-O 12. O-O Re8 13. Re1 Bf5 14.
Bc3 Be4 15. f3 Bc6 16. e4 Qe6 17. Qd4 Qg6 18. b4 b6 19. Ra2 f5 20. exf5 Qxf5
21. Bd1 Qg6 22. Rf2 Rf8 23. Ref1 Nd7 24. Bc2 Qh6 25. f4 Nf6 26. f5 Rae8 27. Bd2
Qh5 28. h3 Re7 29. Kh2 Be4 30. Bd1 Qf7 31. g4 h6 32. Rg1 Bc6 33. Rf4 Rfe8 34.
Rgf1 Re4 35. Qd3 Qe7 36. h4 Rxf4 37. Bxf4 Ne4 38. Kh3 Qf6 39. Be3 Qe5 40. Bd4
Qe7 41. Bf3 d5 42. cxd5 Bxd5 43. Bxg7 Rd8 44. Bxe4 Bxe4 45. Qe2 Rd3+ 46. Kh2
Qd6+ 47. Kg1 Qg3+ 0-1

[Event "Guipuzcoa ch 2010"]
[Site "Azkoitia ESP"]
[Date "2010.10.30"]
[Round "3.9"]
[White "Cantabrana Garoña, Alejandro"]
[Black "Ruiz Martinez, Isidro"]
[Result "0-1"]
[WhiteElo "1788"]
[BlackElo "1955"]
[PlyCount "100"]
[EventDate "2010.10.16"]
[EventType "swiss"]
[EventRounds "9"]
[EventCountry "ESP"]
[Source "lmi"]
[SourceDate "2010.10.16"]

1. b3 Nf6 2. Bb2 g6 3. g3 Bg7 4. Bg2 O-O 5. c4 c6 6. e3 d5 7. d3 dxc4 8. bxc4
Na6 9. a3 Nc5 10. d4 Nfe4 11. Ne2 Qa5+ 12. Nbc3 Bf5 13. O-O g5 14. f3 Nd6 15.
e4 Nxc4 16. exf5 Nxb2 17. Qc2 Nca4 18. Ne4 Qxf5 19. g4 Qg6 20. Rab1 c5 21. Rxb2
Nxb2 22. Qxb2 cxd4 23. Qd2 h6 24. f4 f5 25. gxf5 Rxf5 26. N4g3 Rc5 27. Be4 Qb6
28. Rb1 Rb5 29. Rxb5 Qxb5 30. Nf5 Qc5 31. Bd3 Rf8 32. Neg3 gxf4 33. Qxf4 Kh8
34. Qd2 Rf6 35. Nxg7 Kxg7 36. Qd1 Qg5 37. Kh1 Rc6 38. Bc2 e5 39. Ne4 Qf4 40.
Ng3 Qf2 41. Qg4+ Kh8 42. Qe4 Qxc2 43. Qxe5+ Kh7 44. Qe7+ Kg6 45. Qe8+ Kg5 46.
Qe5+ Kg4 47. Qh5+ Kf4 48. Qh4+ Ke3 49. Qe7+ Kd2 50. Qe2+ Kc1 0-1

[Event "Guipuzcoa ch 2010"]
[Site "Azkoitia ESP"]
[Date "2010.10.30"]
[Round "3.11"]
[White "Galarza Cenzano, Inigo"]
[Black "Ruiz Abad, Juan Manuel"]
[Result "1/2-1/2"]
[WhiteElo "2027"]
[BlackElo "1896"]
[PlyCount "92"]
[EventDate "2010.10.16"]
[EventType "swiss"]
[EventRounds "9"]
[EventCountry "ESP"]
[Source "lmi"]
[SourceDate "2010.10.16"]

1. e4 d6 2. f4 g6 3. Nc3 Bg7 4. Bc4 c5 5. Nf3 Nc6 6. d3 e6 7. O-O Nge7 8. Bb3
O-O 9. Qe1 Na5 10. Qf2 Nec6 11. Ne2 b5 12. c3 c4 13. dxc4 bxc4 14. Ba4 Qc7 15.
Be3 Ne7 16. Ned4 Bd7 17. Bxd7 Qxd7 18. Rad1 Rfd8 19. Qh4 Nac6 20. f5 exf5 21.
Bg5 fxe4 22. Bxe7 Nxe7 23. Ng5 h6 24. Nxf7 Rf8 25. Nxh6+ Bxh6 26. Qxh6 Qg4 27.
h3 Qh5 28. Qxh5 gxh5 29. Ne6 Rxf1+ 30. Rxf1 Rb8 31. Rf2 Ng6 32. Ng5 d5 33. Rd2
Nf4 34. Kf2 Nd3+ 35. Ke3 Rb6 36. Kd4 Rxb2 37. Rxb2 Nxb2 38. g4 hxg4 39. hxg4
Nd1 40. Kxd5 Nxc3+ 41. Kxc4 Nxa2 42. Nxe4 a6 43. Nc5 Kg7 44. Nd3 Kg6 45. Kb3
Nc1+ 46. Nxc1 Kg5 1/2-1/2

[Event "Guipuzcoa ch 2010"]
[Site "Azkoitia ESP"]
[Date "2010.10.30"]
[Round "3.12"]
[White "Garro Beraza, Julen"]
[Black "Bello Castaño, Diego"]
[Result "1/2-1/2"]
[WhiteElo "1959"]
[BlackElo "1893"]
[PlyCount "56"]
[EventDate "2010.10.16"]
[EventType "swiss"]
[EventRounds "9"]
[EventCountry "ESP"]
[Source "lmi"]
[SourceDate "2010.10.16"]

1. e4 c6 2. d4 d5 3. exd5 cxd5 4. Bd3 Nc6 5. c3 Qc7 6. Ne2 Bg4 7. f3 Bd7 8. Bf4
e5 9. dxe5 Nxe5 10. O-O Bd6 11. Kh1 Nf6 12. Na3 O-O 13. Qd2 Bc6 14. Nd4 Nxd3
15. Bxd6 Qxd6 16. Qxd3 Qf4 17. Nac2 Rfe8 18. Ne2 Qh4 19. Ncd4 Re5 20. Ng3 Rae8
21. Ngf5 Qh5 22. Rad1 g6 23. Ng3 Qh4 24. Qd2 Nh5 25. Qf2 Nxg3+ 26. Qxg3 Qxg3
27. hxg3 h5 28. Kg1 Kg7 1/2-1/2

[Event "Guipuzcoa ch 2010"]
[Site "Azkoitia ESP"]
[Date "2010.10.30"]
[Round "3.13"]
[White "Zubia Aramburu, Mikel"]
[Black "Izagirre Alsua, Aritz"]
[Result "0-1"]
[WhiteElo "1834"]
[BlackElo "1823"]
[PlyCount "72"]
[EventDate "2010.10.16"]
[EventType "swiss"]
[EventRounds "9"]
[EventCountry "ESP"]
[Source "lmi"]
[SourceDate "2010.10.16"]

1. c4 Nf6 2. Nc3 g6 3. Nf3 Bg7 4. g3 d6 5. d4 O-O 6. Bg2 Nh5 7. O-O e5 8. dxe5
dxe5 9. Qxd8 Rxd8 10. Nd5 Rd7 11. Bh3 f5 12. e4 c6 13. Nc3 Rd8 14. Bg5 Re8 15.
exf5 gxf5 16. Nh4 h6 17. Be3 f4 18. Bxc8 Rxc8 19. Bc5 Nd7 20. Ba3 Nb6 21. b3 e4
22. Nxe4 Bxa1 23. Rxa1 fxg3 24. hxg3 Nd7 25. Nf5 Kh7 26. Rd1 Nhf6 27. Bb2 Rf8
28. Ned6 b6 29. Re1 Ng8 30. Ne7 Rfe8 31. Ndf5 Nxe7 32. Rxe7+ Rxe7 33. Nxe7 c5
34. f4 Re8 35. f5 Rxe7 36. f6 Rf7 0-1

[Event "Guipuzcoa ch 2010"]
[Site "Azkoitia ESP"]
[Date "2010.10.30"]
[Round "3.14"]
[White "Tejedor Txapartegi, Nabar"]
[Black "Kuende Gorostidi, Jon"]
[Result "1-0"]
[WhiteElo "1995"]
[BlackElo "1802"]
[PlyCount "28"]
[EventDate "2010.10.16"]
[EventType "swiss"]
[EventRounds "9"]
[EventCountry "ESP"]
[Source "lmi"]
[SourceDate "2010.10.16"]

1. e4 c6 2. d4 d5 3. Nd2 c5 4. exd5 cxd4 5. Ngf3 Qxd5 6. Bc4 Qh5 7. O-O Nc6 8.
Nb3 Bg4 9. Be2 O-O-O 10. h3 Nf6 11. hxg4 Nxg4 12. Bf4 e5 13. Nh2 f5 14. Nxg4
exf4 1-0

[Event "Guipuzcoa ch 2010"]
[Site "Azkoitia ESP"]
[Date "2010.10.30"]
[Round "3.15"]
[White "Goni Garmendia, Aitor"]
[Black "Arana Garate, Jon"]
[Result "1/2-1/2"]
[WhiteElo "1806"]
[BlackElo "1959"]
[PlyCount "103"]
[EventDate "2010.10.16"]
[EventType "swiss"]
[EventRounds "9"]
[EventCountry "ESP"]
[Source "lmi"]
[SourceDate "2010.10.16"]

1. e4 d6 2. d4 Nf6 3. Nc3 g6 4. f3 c6 5. Be3 b5 6. a4 b4 7. Na2 a5 8. Bc4 Nbd7
9. Ne2 Nb6 10. Bb3 Bg7 11. c3 bxc3 12. Naxc3 O-O 13. O-O Ba6 14. Rc1 Nfd7 15.
f4 Nc4 16. Bxc4 Bxc4 17. b3 Ba6 18. Rf3 Rc8 19. Qd2 c5 20. f5 cxd4 21. Nxd4 Nf6
22. Bh6 Rxc3 23. Rfxc3 Nxe4 24. Qe3 Nxc3 25. Bxg7 Kxg7 26. Qxc3 Qb6 27. Kh1 Kg8
28. Nc6 Re8 29. fxg6 hxg6 30. Qxa5 Qxa5 31. Nxa5 Rb8 32. Kg1 Kf8 33. Kf2 Ke8
34. Rc7 Bd3 35. Rxe7+ Kxe7 36. Nc6+ Kd7 37. Nxb8+ Kc7 38. Ke3 Bf1 39. Kf2 Bd3
40. Ke3 Bc2 41. Na6+ Kb6 42. Nb4 Bxb3 43. Kd4 Ka5 44. Nd5 Kxa4 45. Nf6 Kb5 46.
h4 Kc6 47. g4 Bd1 48. h5 gxh5 49. gxh5 Bxh5 50. Nxh5 Kd7 51. Kd5 Ke7 52. Ng3
1/2-1/2

[Event "Guipuzcoa ch 2010"]
[Site "Azkoitia ESP"]
[Date "2010.11.06"]
[Round "4.1"]
[White "Urretavizcaya Merino, Asier"]
[Black "Garro Beraza, Haritz"]
[Result "1-0"]
[WhiteElo "2097"]
[BlackElo "2153"]
[PlyCount "49"]
[EventDate "2010.10.16"]
[EventType "swiss"]
[EventRounds "9"]
[EventCountry "ESP"]
[Source "lmi"]
[SourceDate "2010.10.16"]

1. d4 Nf6 2. Bf4 g6 3. e3 d6 4. Be2 Bg7 5. Nf3 Nbd7 6. h3 c6 7. O-O O-O 8. c4
a6 9. Nc3 b5 10. b4 Nb6 11. Nd2 bxc4 12. Nxc4 Nfd5 13. Nxd5 Nxd5 14. Bg3 Nxb4
15. Qa4 c5 16. dxc5 dxc5 17. Rad1 Qe8 18. Qa5 Qb5 19. a3 Be6 20. axb4 Bxc4 21.
Bxc4 Qxc4 22. bxc5 Bc3 23. Qc7 Rfc8 24. Qxe7 Qxc5 25. Rd8+ 1-0

[Event "Guipuzcoa ch 2010"]
[Site "Azkoitia ESP"]
[Date "2010.11.06"]
[Round "4.2"]
[White "Etxagibel Larranaga, Asier"]
[Black "Martin Alvarez, Inigo"]
[Result "0-1"]
[WhiteElo "1964"]
[BlackElo "2292"]
[PlyCount "68"]
[EventDate "2010.10.16"]
[EventType "swiss"]
[EventRounds "9"]
[EventCountry "ESP"]
[Source "lmi"]
[SourceDate "2010.10.16"]

1. d4 d5 2. c4 c6 3. Nf3 Nf6 4. e3 a6 5. Bd3 Bg4 6. Nbd2 Nbd7 7. Qc2 g6 8. O-O
Bg7 9. h3 Bxf3 10. Nxf3 O-O 11. b3 Re8 12. Bb2 e6 13. Rfd1 Nh5 14. Rac1 f5 15.
Ne5 Nxe5 16. dxe5 f4 17. exf4 Nxf4 18. g3 Nxd3 19. Rxd3 Rf8 20. cxd5 cxd5 21.
h4 g5 22. Rd4 Rc8 23. Qd2 Rxc1+ 24. Bxc1 Rf5 25. hxg5 Bxe5 26. Rg4 Qb6 27. g6
h5 28. Rb4 Qc5 29. Kg2 Bc3 30. Qe2 Rxf2+ 31. Qxf2 Qxf2+ 32. Kxf2 Bxb4 33. Bb2
Bd6 34. Bf6 Bf8 0-1

[Event "Guipuzcoa ch 2010"]
[Site "Azkoitia ESP"]
[Date "2010.11.06"]
[Round "4.3"]
[White "Segovia Sanchez, Antonio"]
[Black "Franco Alonso, Alejandro"]
[Result "0-1"]
[WhiteElo "1983"]
[BlackElo "2490"]
[PlyCount "70"]
[EventDate "2010.10.16"]
[EventType "swiss"]
[EventRounds "9"]
[EventCountry "ESP"]
[Source "lmi"]
[SourceDate "2010.10.16"]

1. d4 Nf6 2. Bf4 b6 3. Nf3 Bb7 4. Nbd2 e6 5. e3 Be7 6. h3 O-O 7. a4 c5 8. c3
Nc6 9. Be2 d6 10. Bh2 Qd7 11. O-O Rfd8 12. Qb1 Qe8 13. Rd1 Rac8 14. Bd3 h6 15.
Nc4 Na5 16. Nfd2 Qc6 17. f3 Qc7 18. Kh1 Nc6 19. Qa2 cxd4 20. exd4 Na5 21. Ne3
Nd5 22. Nxd5 Bxd5 23. c4 Bb7 24. b3 Nc6 25. c5 Nxd4 26. cxb6 axb6 27. Nc4 e5
28. Qf2 Bd5 29. Bf1 Qb7 30. Rdc1 Nxb3 31. Rab1 Nxc1 32. Rxc1 Rc5 33. Rc2 Rdc8
34. Na3 Rxc2 35. Nxc2 Bb3 0-1

[Event "Guipuzcoa ch 2010"]
[Site "Azkoitia ESP"]
[Date "2010.11.06"]
[Round "4.4"]
[White "Ruiz Martinez, Isidro"]
[Black "Argandoña Riveiro, Iñigo"]
[Result "1/2-1/2"]
[WhiteElo "1955"]
[BlackElo "2408"]
[PlyCount "43"]
[EventDate "2010.10.16"]
[EventType "swiss"]
[EventRounds "9"]
[EventCountry "ESP"]
[Source "lmi"]
[SourceDate "2010.10.16"]

1. e4 c5 2. Nf3 Nc6 3. d4 cxd4 4. Nxd4 e5 5. Nb5 d6 6. c4 Be7 7. Be3 Nf6 8. f3
O-O 9. Be2 Be6 10. O-O Rc8 11. Qd2 a6 12. N5c3 Nd4 13. Bxd4 exd4 14. Nd5 Nxd5
15. cxd5 Bd7 16. Bd3 Rc5 17. Na3 Qc7 18. Rae1 a5 19. f4 b5 20. Nc2 Bf6 21. Qf2
Re8 22. Nxd4 1/2-1/2

[Event "Guipuzcoa ch 2010"]
[Site "Azkoitia ESP"]
[Date "2010.11.06"]
[Round "4.6"]
[White "Alvarado Fernandez, Mikel"]
[Black "Irure Crespo, Egoitz"]
[Result "0-1"]
[WhiteElo "2010"]
[BlackElo "1977"]
[PlyCount "168"]
[EventDate "2010.10.16"]
[EventType "swiss"]
[EventRounds "9"]
[EventCountry "ESP"]
[Source "lmi"]
[SourceDate "2010.10.16"]

1. d4 d5 2. Bg5 Bf5 3. e3 Nd7 4. c4 c6 5. Nc3 Ngf6 6. Bxf6 Nxf6 7. Qb3 Qb6 8.
c5 Qxb3 9. axb3 a6 10. b4 Rc8 11. Nf3 Nd7 12. Be2 f6 13. O-O e5 14. Rfe1 Be7
15. Nh4 Be6 16. g3 O-O 17. f4 g5 18. f5 Bf7 19. Nf3 Kg7 20. g4 Rh8 21. Kg2 h5
22. h3 Bd8 23. Nd2 Bc7 24. Rh1 hxg4 25. hxg4 Rxh1 26. Rxh1 Rh8 27. Rxh8 Kxh8
28. Nf3 e4 29. Nd2 Kg7 30. Bd1 Kf8 31. Bc2 Ke7 32. Bb3 Bb8 33. Kf1 Bc7 34. Ke2
Bg3 35. Kd1 Bc7 36. Kc1 Bb8 37. Bd1 Bc7 38. Be2 Bb8 39. Kc2 Bc7 40. Nb3 Kd8 41.
Na5 Kc8 42. Kd2 Be8 43. Bd1 Nf8 44. Bb3 Kb8 45. Ba4 Bd7 46. Nb3 Kc8 47. Nc1 Kd8
48. Bd1 Ke7 49. Na4 Kd8 50. Nb3 Bc8 51. Be2 Ke7 52. Ke1 Bg3+ 53. Kf1 Bc7 54.
Kg2 Nd7 55. Nd2 Nf8 56. Nf1 Bd7 57. Ng3 Kf7 58. Bd1 Ke7 59. Nh5 Bc8 60. Nc3 Nd7
61. Bb3 Bd8 62. Nxd5+ cxd5 63. Bxd5 Nb8 64. Bxe4 Nc6 65. d5 Nxb4 66. Ng7 a5 67.
Kf2 Na6 68. d6+ Kf7 69. Nh5 Nxc5 70. Bd5+ Kf8 71. Ke2 Na4 72. e4 b5 73. Bc6 Nc5
74. Ke3 b4 75. Kd4 Nd7 76. Kd5 Ne5 77. Bb5 Nxg4 78. Kc6 Ne5+ 79. Kd5 Bd7 80.
Be2 a4 81. Bd1 a3 82. bxa3 bxa3 83. Bb3 Bb5 84. Kc5 Bc4 0-1

[Event "Guipuzcoa ch 2010"]
[Site "Azkoitia ESP"]
[Date "2010.11.06"]
[Round "4.8"]
[White "Izagirre Alsua, Aritz"]
[Black "Ruiz Abad, Juan Manuel"]
[Result "0-1"]
[WhiteElo "1823"]
[BlackElo "1896"]
[PlyCount "134"]
[EventDate "2010.10.16"]
[EventType "swiss"]
[EventRounds "9"]
[EventCountry "ESP"]
[Source "lmi"]
[SourceDate "2010.10.16"]

1. e4 d6 2. f4 g6 3. Nc3 Bg7 4. Nf3 c5 5. d3 Nc6 6. g3 e6 7. Bg2 Nge7 8. O-O
O-O 9. Be3 b6 10. Bf2 Ba6 11. Re1 Qc7 12. Qd2 Rad8 13. Nd1 d5 14. e5 d4 15. Ng5
Nd5 16. Ne4 h6 17. h4 f6 18. exf6 Nxf6 19. Nxf6+ Rxf6 20. Bxc6 Qxc6 21. Kh2 Bb7
22. Rg1 Rf5 23. g4 Rfd5 24. Bg3 e5 25. Nf2 exf4 26. Bxf4 Rf8 27. Bg3 Rd7 28.
Ne4 Qe6 29. Nf2 Rdf7 30. Rae1 Qxa2 31. b3 Qa5 32. Qxa5 Rxf2+ 33. Bxf2 Rxf2+ 34.
Kg3 Rf3+ 35. Kh2 bxa5 36. Rgf1 Be5+ 37. Rxe5 Rxf1 38. Rxc5 Rf7 39. Rxa5 Ba8 40.
Rc5 Kg7 41. Rc4 Rd7 42. Kg3 Kf6 43. Kf4 g5+ 44. hxg5+ hxg5+ 45. Kg3 Ke5 46.
Rc5+ Bd5 47. Rc8 Rf7 48. Re8+ Kd6 49. Rc8 Rc7 50. Rd8+ Rd7 51. Rc8 Re7 52. Rd8+
Kc6 53. Rc8+ Rc7 54. Re8 Kd6 55. Rd8+ Ke5 56. Re8+ Be6 57. Ra8 Rf7 58. Rb8 Rc7
59. Rb5+ Bd5 60. Ra5 Rxc2 61. Rxa7 Rg2+ 62. Kh3 Rd2 63. b4 Rxd3+ 64. Kh2 Kf4
65. Ra5 Rd2+ 66. Kg1 Be4 67. Ra3 Rb2 0-1

[Event "Guipuzcoa ch 2010"]
[Site "Azkoitia ESP"]
[Date "2010.11.06"]
[Round "4.9"]
[White "Puga Senar, Fernando"]
[Black "Tejedor Txapartegi, Nabar"]
[Result "0-1"]
[WhiteElo "1732"]
[BlackElo "1995"]
[PlyCount "28"]
[EventDate "2010.10.16"]
[EventType "swiss"]
[EventRounds "9"]
[EventCountry "ESP"]
[Source "lmi"]
[SourceDate "2010.10.16"]

1. d4 d5 2. c4 e5 3. e3 exd4 4. Qxd4 Nc6 5. Qxd5 Bd6 6. Nc3 Nf6 7. Qd1 O-O 8.
Nf3 Bg4 9. Be2 Qe7 10. b3 Rad8 11. Nd4 Bb4 12. Bb2 Nxd4 13. exd4 Rxd4 14. Qc2
Bxe2 0-1